000 00494nmm a2200145Ia 4500
008 251105s9999||||xx |||||||||||||||||und||
041 _aspa
100 _aAlonso de Santos, José Luis
245 0 _aLa verdadera y singular historia de la princesa y el dragón. Besos para la bella durmiente
264 _a[Madrid, España] :
_bCastalia Ediciones,
_c2011
300 _a144 páginas
650 _aAges 9-12 Years Old
856 _uhttps://public.digitaliapublishing.com/a/31034
942 _cCF
999 _c104396
_d104396